• 首页
  • 本馆介绍
  • 公告通知
  • 最新文献
  • 馆藏检索
  • 电子资源
  • 读者导购
  • 参考咨询
  • 我的图书馆
  • 登录
  • 详细信息显示
  • 放入我的书架
  • 预约/预借图书
  • 作者相关作品
  • 分类相关作品
  • 丛书相关作品
  • 出版社相关作品

书目信息

  • 表格格式
  • 工作单格式
  • 卡片格式
题名:
中华实用法学大辞典
    
 
作者: 栗劲 , 李放 主编
分册:  
出版信息: 长春   吉林大学出版社  1988.9
页数: 1928页
开本: 19cm
丛书名:
单 册:
中图分类: D9-61
科图分类:
主题词: 法律
电子资源:
ISBN: 7-5601-0136-4
000 00729nam0 2200241 45
001 0189028502
005 20061024171932.51
010    @a7-5601-0136-4@b精装@dCNY22.00
020    @aCN@b89028502
100    @a19911017d1988 m y0chiy0120 ea
101 0  @achi
102    @aCN@b220000
105    @ay e 000yy
200 10 @a中华实用法学大辞典@Azhong hua shi yong fa xue da ci dian@f栗 劲,李 放主编@Fli jin , li fang zhu bian
210    @a长春@c吉林大学出版社@d1988.9
215    @a1928页@d19cm
540 1  @a中华 法学 大辞典@Azhong hua fa xue da ci dian
606 0  @a法律
690    @aD9-61@v3
701  0 @a栗劲@Ali jin@4主编
701  0 @a李放@Ali fang@4主编
801  0 @aCN@bTSSF@c20061024
905    @a10447@dD9-61@e141
    
    中华实用法学大辞典/栗 劲,李 放主编.-长春:吉林大学出版社,1988.9
    1928页;19cm
    
    
    ISBN 7-5601-0136-4(精装):CNY22.00
    
●
相关链接 在E读中查询图书 在五车中查询图书 在当当中查询图书 在豆瓣中查询图书


正题名:中华实用法学大辞典     索取号:D9-61/141         预约/预借

序号 登录号 条形码 馆藏地/架位号 状态 备注
1 0215054   002055028   第一样本阅览室/ [索取号:D9-61/141] 在馆    
唐山师范学院图书馆 欢迎您!
大连网信软件有限公司© 版权所有